The Importance of Employee Involvement in Performance Appraisal and the Procedural Justice of Performance Appraisal (Record no. 527886)

000 -LEADER
fixed length control field 00522nam a22001577a 4500
082 ## - DEWEY DECIMAL CLASSIFICATION NUMBER
Classification number 658
100 ## - MAIN ENTRY--PERSONAL NAME
Personal name Zahra, Tehreem
245 ## - TITLE STATEMENT
Title The Importance of Employee Involvement in Performance Appraisal and the Procedural Justice of Performance Appraisal
Statement of responsibility, etc. Tehreem Zahra.
260 ## - PUBLICATION, DISTRIBUTION, ETC.
Place of publication, distribution, etc. Islamabad:
Name of publisher, distributor, etc. NBS - NUST,
Date of publication, distribution, etc. 2016.
300 ## - PHYSICAL DESCRIPTION
Extent 47 p.: ill.;
Dimensions 25cm.
650 ## - SUBJECT ADDED ENTRY--TOPICAL TERM
Topical term or geographic name entry element MBA Thesis.
700 ## - ADDED ENTRY--PERSONAL NAME
Personal name Asad Amjad.
942 ## - ADDED ENTRY ELEMENTS (KOHA)
Source of classification or shelving scheme
Koha item type Thesis
650 ## - SUBJECT ADDED ENTRY--TOPICAL TERM
-- 17629
700 ## - ADDED ENTRY--PERSONAL NAME
-- 17926
Holdings
Withdrawn status Lost status Source of classification or shelving scheme Damaged status Not for loan Permanent Location Current Location Shelving location Date acquired Full call number Barcode Date last seen Price effective from Koha item type
          Central Library (CL) Central Library (CL) Thesis 08/20/2019 658.3 NBS CL-T-2377 08/20/2019 08/20/2019 Thesis
© 2023 Central Library, National University of Sciences and Technology. All Rights Reserved.